000 00617cam a22002053a 4500
001 44297
003 PGUSA
005 20140828084018.0
008 131127s2013||||xxu|||||s|||||000 | eng d
040 _aPGUSA
_beng
042 _adc
245 1 0 _aAppletons' Popular Science Monthly, March 1899 :
_bVolume LIV, No. 5, March 1899
_h[electronic resource] /
_cVarious
260 _bProject Gutenberg,
_c2013
506 _aPublic domain in the USA.
516 _aElectronic text
700 1 _aYoumans, William Jay
830 0 _aProject Gutenberg
_v44297
856 4 0 _uhttp://www.gutenberg.org/ebooks/44297
942 _cEB
999 _c273548
_d273548